| 000 | 00420nam a2200169Ia 4500 | ||
|---|---|---|---|
| 008 | 230524s9999 xx 000 0 und d | ||
| 020 | _a9788177585643 | ||
| 082 |
_a658.3 _bMAH |
||
| 100 | _aB.Mahadevan | ||
| 245 | 0 | _aOperations Management Theory and Practice | |
| 250 | _aIST | ||
| 260 |
_aNEW DELHI _bPearson _c2008 |
||
| 300 | _aVIII;582 | ||
| 500 | _aQuantity Number: 15 | ||
| 650 | _aManagement | ||
| 942 | _cBK | ||
| 999 |
_c41299 _d41299 |
||